000 00446nam a2200181Ia 4500
001 8801
005 20260306160636.0
008 260306t2008||||xx |||||||||||||| ||spa||
041 _aESP
082 _a371.337
_bP32
100 _aPayà Rico, Andrés
_eAUT
245 0 _aAprender jugando:
_buna mirada histórico-educativa
260 _c2008
300 _a213 páginas :
_c20 cm.
650 _aGEN
654 _aCED
942 _cLIB
_dJUS
_fJUS
_2ddc
_n
999 _c8801
_d8801